All 1M D Cities on a Map - Statistics

General Stats
  • This quiz has been taken 299 times
  • The average score is 17 of 26
Answers on the Map
Answers color-coded by a green-red scale on the quiz's map according to % correct below.
 
Answer Stats
City % Correct
Dublin
98%
Dallas
97%
Detroit
97%
Denver
95%
Dubai
94%
Dhaka
92%
Dakar
90%
Damascus
90%
Delhi
87%
Dar es Salaam
86%
Doha
86%
Durban
83%
Dushanbe
75%
Donetsk
71%
Dnipro
63%
Douala
57%
Daegu
55%
Dalian
54%
Denpasar
54%
Dammam
49%
Davao
49%
Daejeon
32%
Diyarbakır
23%
Daqing
14%
Datong
14%
Dhanbad
14%
No matching quizzes found
Score Distribution
Percent of People with Each Score
Percentile by Number Answered
Your Score History
You have not taken this quiz